Допуски, посадки и технические измерения в машиностроении: учебник

Bibliografische gegevens
Hoofdauteur: Зайцев С. А. Сергей Алексеевич
Andere auteurs: Куранов А. Д. Алексей Дмитриевич, Толстов А. Н. Андрей Николаевич
Samenvatting:Изложены основы взаимозаменяемости деталей. Рассмотрены допуски и посадки гладких элементов деталей, а также наиболее часто встречающихся соединений. Рассмотрены средства измерения и контроля деталей и соединений. Для учащихся учреждений начального профессионального образования, осваивающих профессии, связанные с обработкой и сборкой деталей, ремонтом и обслуживанием машин и механизмов.
Исключено из фонда НТБ ТПУ
Taal:Russisch
Gepubliceerd in: Москва, Академия, 2006
Reeks:Профессиональное образование
Formaat: MixedMaterials Boek
KOHA link:https://koha.lib.tpu.ru/cgi-bin/koha/opac-detail.pl?biblionumber=111654

MARC

LEADER 00000nam0a2200000 4500
001 111654
005 20231031120935.0
010 |a 5769534001 
035 |a (RuTPU)RU\TPU\book\120590 
035 |a RU\TPU\book\84586 
090 |a 111654 
100 |a 20070319d2006 m y0rusy50 ca 
101 0 |a rus 
102 |a RU 
105 |a a j 001zy 
200 1 |a Допуски, посадки и технические измерения в машиностроении  |e учебник  |f С. А. Зайцев, А. Д. Куранов, А. Н. Толстов 
210 |a Москва  |c Академия  |d 2006 
215 |a 239 с.  |c ил. 
225 1 |a Профессиональное образование 
320 |a Библиогр.: с. 237. 
330 |a Изложены основы взаимозаменяемости деталей. Рассмотрены допуски и посадки гладких элементов деталей, а также наиболее часто встречающихся соединений. Рассмотрены средства измерения и контроля деталей и соединений. Для учащихся учреждений начального профессионального образования, осваивающих профессии, связанные с обработкой и сборкой деталей, ремонтом и обслуживанием машин и механизмов. 
333 |a Исключено из фонда НТБ ТПУ 
451 1 |0 (RuTPU)RU\TPU\book\159329  |y 978-5-7695-4534-4  |t Допуски, посадки и технические измерения в машиностроении  |o учебник для начального профессионального образования  |f С. А. Зайцев, А. Д. Куранов, А. Н. Толстов  |e 5-е изд., стер.  |c М.  |n Академия  |d 2008  |p 239 с.  |a Зайцев, Сергей Алексеевич 
451 1 |0 (RuTPU)RU\TPU\book\84586  |y 5-7695-1028-5  |t Допуски, посадки и технические измерения в машиностроении  |o учебник  |f С. А. Зайцев, А. Д. Куранов, А. Н. Толстов  |c М.  |n Академия  |d 2004  |p 239 с.  |s Профессиональное образование  |a Зайцев, Сергей Алексеевич 
675 |a 621.753.1/.2(075.32)  |v 3 
700 1 |a Зайцев  |b С. А.  |g Сергей Алексеевич 
701 1 |a Куранов  |b А. Д.  |g Алексей Дмитриевич 
701 1 |a Толстов  |b А. Н.  |g Андрей Николаевич 
801 1 |a RU  |b 63413507  |c 20050701  |g PSBO 
801 2 |a RU  |b 63413507  |c 20210601  |g PSBO 
942 |c BK